Estrategias utilizadas por los docentes de Educación Física para el aprendizaje de los fundamentos técnicos del baloncesto en los estudiantes de cuarto grado de secundaria del Politécnico Juan Sánchez Ramírez, Distrito Educativo 16-01, Cotuí, 2021 / (Record no. 13017)
[ view plain ]
| 000 -LEADER | |
|---|---|
| campo de control de longitud fija | 01243nam a2200253 4500 |
| 003 - IDENTIFICADOR DE NÚMERO DE CONTROL | |
| campo de control | DO-SdUA |
| 005 - FECHA Y HORA DE LA ÚLTIMA TRANSACCIÓN | |
| campo de control | 20250325093542.0 |
| 008 - DATOS DE LONGITUD FIJA--INFORMACIÓN GENERAL | |
| campo de control de longitud fija | s2022 dr a|| |||| 0 |a||0|spa d |
| 040 ## - FUENTE DE CATALOGACIÓN | |
| Centro catalogador/agencia de origen | DO-SdUA |
| Lengua de catalogación | spa |
| Centro/agencia transcriptor | DO-SdUA |
| 041 0# - CÓDIGO DE IDIOMA | |
| Código de lengua del texto/banda sonora o título independiente | spa |
| 092 ## - ASIGNACIÓN LOCAL DE SIGNATURA TOPOGRÁFICA DEWEY (OCLC) | |
| Número de clasificación | MA-EFD 0010 FCE 2022 |
| 100 1# - ENTRADA PRINCIPAL--NOMBRE DE PERSONA | |
| Nombre de persona | Jerez Hilario, Bernardo Emmanuel |
| 245 10 - MENCIÓN DEL TÍTULO | |
| Título | Estrategias utilizadas por los docentes de Educación Física para el aprendizaje de los fundamentos técnicos del baloncesto en los estudiantes de cuarto grado de secundaria del Politécnico Juan Sánchez Ramírez, Distrito Educativo 16-01, Cotuí, 2021 / |
| Mención de responsabilidad, etc. | Bernardo Emmanuel Jerez Hilario. |
| 260 ## - PUBLICACIÓN, DISTRIBUCIÓN, ETC. | |
| Lugar de publicación, distribución, etc. | San Francisco de Macorís : |
| Nombre del editor, distribuidor, etc. | UASD, |
| Fecha de publicación, distribución, etc. | 2022. |
| 300 ## - DESCRIPCIÓN FÍSICA | |
| Extensión | 71, [17] h. : |
| Otras características físicas | il. |
| 502 ## - NOTA DE TESIS | |
| Nota de tesis | Tesis y t rabajo de grado (Maestría en Educación Física y el Deporte)--Universidad Autónoma de Santo Domingo, San Francisco de Macorís, 2022. |
| 504 ## - NOTA DE BIBLIOGRAFÍA, ETC. | |
| Nota de bibliografía, etc. Nota | Incluye referencias bibliográficas y anexos. |
| 530 ## - NOTA DISPONIBLE DE FORMULARIO FÍSICO ADICIONAL | |
| Nota de formato físico adicional disponible | También disponible en CD-ROM (CD MA-EFD 0010 FCE 2022). |
| 650 #7 - PUNTO DE ACCESO ADICIONAL DE MATERIA--TÉRMINO DE MATERIA | |
| Término de materia o nombre geográfico como elemento de entrada | Educación física |
| Fuente del encabezamiento o término | lemb |
| 9 (RLIN) | 10444 |
| 650 #7 - PUNTO DE ACCESO ADICIONAL DE MATERIA--TÉRMINO DE MATERIA | |
| Término de materia o nombre geográfico como elemento de entrada | Aprendizaje |
| Fuente del encabezamiento o término | lemb |
| 9 (RLIN) | 2134 |
| 650 #7 - PUNTO DE ACCESO ADICIONAL DE MATERIA--TÉRMINO DE MATERIA | |
| Término de materia o nombre geográfico como elemento de entrada | Baloncesto |
| Fuente del encabezamiento o término | lemb |
| 9 (RLIN) | 51123 |
| 830 ## - PUNTO DE ACCESO ADICIONAL DE SERIE-TÍTULO UNIFORME | |
| Título uniforme | Tesis y disertaciones académicas (Universidad Autónoma de Santo Domingo) |
| 942 ## - ELEMENTOS DE ENTRADA SECUNDARIOS (KOHA) | |
| Fuente de la clasificación o esquema de estantería | |
| Tipo de ítem Koha | |
| Suprimir en OPAC | No |
No items available.